Pokémon czy produkt z Jysk? - Statystyki

Ogólne statystyki
  • Ten quiz został rozwiązany 30 razy
  • Średni wynik to 23 z 30
Statystyki odpowiedzi
Zagadnienie Odpowiedź % Poprawnych
Pinsir Pokémon
100%
Metang Pokémon
96%
Nappedam Produkt z Jysk
92%
Kaluka Produkt z Jysk
92%
Feebas Pokémon
88%
Kingler Pokémon
88%
Aggron Pokémon
88%
Haxorus Pokémon
84%
Dimma Produkt z Jysk
84%
Viby Produkt z Jysk
84%
Snover Pokémon
80%
Listerby Produkt z Jysk
80%
Ilbro Produkt z Jysk
80%
Maribo Produkt z Jysk
80%
Solblom Produkt z Jysk
80%
Toxapex Pokémon
76%
Munna Pokémon
76%
Tamdrup Produkt z Jysk
76%
Mogop Produkt z Jysk
76%
Lappsove Produkt z Jysk
76%
Luvdisc Pokémon
72%
Malamar Pokémon
72%
Nymble Pokémon
72%
Staravia Pokémon
72%
Lintrup Produkt z Jysk
72%
Walrein Pokémon
68%
Flisby Produkt z Jysk
68%
Ballum Produkt z Jysk
64%
Horsens Produkt z Jysk
56%
Klawf Pokémon
52%
Nie znaleziono quizów pasujących do podanych kryteriów
Rozkład punktacji
Procent ludzi z każdym wynikiem
Percentyl według liczby udzielonych odpowiedzi
Twoja historia wyników
Nie rozwiązałeś tego quizu